000 00312nam a22001337a 4500
008 170526b xxu||||| |||| 00| 0 eng d
020 _a0444897909
041 _aeng
080 _a621.3
100 _a25
101 _aIM
245 _aPULSE WIDTH MODULATED (PMW) POWER SUPPLIES
_cQUERCIOLI, V
942 _2udc
_cBK
999 _c14394
_d14394